| 000 | 00872cam a22002413a 4500 | ||
|---|---|---|---|
| 001 | 17465 | ||
| 003 | PGUSA | ||
| 005 | 20140828083355.0 | ||
| 008 | 060104s2006||||xxu|||||s|||||000 | eng d | ||
| 040 |
_aPGUSA _beng |
||
| 042 | _adc | ||
| 050 | 4 | _aML | |
| 100 | 1 |
_aFerris, George T. _q(George Titus), _d1840- |
|
| 245 | 1 | 0 |
_aGreat Singers, Second Series : _bMalibran To Titiens _h[electronic resource] / _cGeorge T. Ferris |
| 260 |
_bProject Gutenberg, _c2006 |
||
| 505 | 0 | _aMaria Felicia Malibran -- Wilhelmina Schröder-Dervient -- Giulia Grisi -- Pauline Viardot -- Fanny Persiani -- Marietta Alboni -- Jenny Lind -- Sophie Cruvelli -- Theresa Titiens. | |
| 506 | _aPublic domain in the USA. | ||
| 516 | _aElectronic text | ||
| 653 | _aSingers -- Biography | ||
| 830 | 0 |
_aProject Gutenberg _v17465 |
|
| 856 | 4 | 0 | _uhttp://www.gutenberg.org/ebooks/17465 |
| 942 | _cEB | ||
| 999 |
_c246720 _d246720 |
||